000
00232nam a2200085Ia 4500
008
170620s9999 xx 000 0 und d
100
_a
Dr PARANJAPE- N V
245
0
_a
PUBLIC INTEREST LITIGATION- LEGAL AID & SERVICES
260
_b
ALLAHABAD; C L P
260
_c
2006
999
_c
29285
_d
29285